000 00502nam a2200217Ia 4500
005 20250425162738.0
008 250425s9999 xx 000 0 und d
020 _a0553278053
041 _aeng
082 _a338.7
100 _aIACOCCA, LEE
245 0 _aTALKING STRAIGHT: LEE IACOCCA
250 _aS.E.
260 _aEstados Unidos
_bBANTAM BOOKS
_c1988
260 _aNEW YORK
300 _a337
650 _aAUTOBIOGRAFIAS
710 _aBANTAM BOOKS
942 _c01
010 _a104576
999 _c235591
_d235591